La inoperatividad del negocio juridico / (Registro nro. 49746)

Detalles MARC
000 -LEADER
fixed length control field 00958nam a2200301 4500
001 - CONTROL NUMBER
control field 0000013969
003 - CONTROL NUMBER IDENTIFIER
control field CO-CtgCURN
005 - DATE AND TIME OF LATEST TRANSACTION
control field 20250828152809.0
008 - FIXED-LENGTH DATA ELEMENTS--GENERAL INFORMATION
fixed length control field 160627s1990 000 0 eng d
020 ## - INTERNATIONAL STANDARD BOOK NUMBER
International Standard Book Number 8482724487
040 ## - CATALOGING SOURCE
Original cataloging agency CO-CtgCURN
Language of cataloging spa
Transcribing agency coctgcurn
082 0# - DEWEY DECIMAL CLASSIFICATION NUMBER
Classification number 346.5
Item number C132
100 1# - MAIN ENTRY--PERSONAL NAME
Personal name Calle Lombana, Humberto de la.
245 13 - TITLE STATEMENT
Title La inoperatividad del negocio juridico /
Statement of responsibility, etc. Humberto de la Calle Lombana.
260 ## - PUBLICATION, DISTRIBUTION, ETC.
Place of publication, distribution, etc. Bogotá :
Name of publisher, distributor, etc. Temis,
Date of publication, distribution, etc. 1990.
300 ## - PHYSICAL DESCRIPTION
Extent x, 107 p.
336 ## - CONTENT TYPE
Source rdacontent
337 ## - MEDIA TYPE
Source rdamedia
Media type term sin mediacion
Media type code n
338 ## - CARRIER TYPE
Source rdacarrier
Carrier type term volumen
Carrier type code nc
490 1# - SERIES STATEMENT
Series statement Monografias juridicas ;
Volume/sequential designation 69
500 ## - GENERAL NOTE
General note Incluye bibliografia.
505 8# - FORMATTED CONTENTS NOTE
Formatted contents note Nociones.--La ley colombiana
650 #0 - SUBJECT ADDED ENTRY--TOPICAL TERM
Topical term or geographic name entry element Nulidad (Derecho)
Geographic subdivision Colombia.
700 1# - ADDED ENTRY--PERSONAL NAME
Personal name Colección Jorge Ortega Torres.
908 ## - PUT COMMAND PARAMETER (RLIN)
Put command parameter 160627
942 ## - ADDED ENTRY ELEMENTS (KOHA)
Koha item type Libros
Classification part 346.5
Item part C132
Source of classification or shelving scheme Dewey Decimal Classification
999 ## - SYSTEM CONTROL NUMBERS (KOHA)
-- 1
Existencias
Withdrawn status Lost status Source of classification or shelving scheme Damaged status Not for loan Home library Current library Shelving location Date acquired Total checkouts Full call number Barcode Date last seen Price effective from Koha item type
    Dewey Decimal Classification     Miguel Henríquez Castañeda Miguel Henríquez Castañeda General 03/04/2019   346.5 C132 005325 03/04/2019 03/04/2019 Libros